000
00319nam a22001457a 4500
020
_a
0-439-34360-7
082
_a
823
_b
AMA/W
100
_a
AMATO, MARY
245
_a
THE WORD EATER
260
_a
NEW YORK
_b
SCHOLASTIC INC
_c
2000
300
_a
150
520
_a
CHILDRENS STORY
650
_a
CHILDRENS STORY
942
_c
BK
999
_c
5643
_d
5643